000 01068cam a22003257a 4500
003 CHAP
005 20220329142236.0
008 000317d1998 ve r 00010 spa d
010 _a80423
011 _a81395
020 _a9800011501
035 _a91864
040 _cCHAP
082 0 4 _a519.536
_bC4
100 0 0 _aChacín Lugo, Franklin.
_921688
245 1 0 _aAnálisis de regresión y superficie de respuesta
_c/por Franklin Chacín Lugo
260 _aVenezuela :
_bUniversidad Central de Venezuela. Facultad de Agronomía,
_c1998.
300 _a274 p.
590 _aBATCH-UPD
_b10
_c20130110
_lUCH01
_h1603
590 _aBATCH-UPD
_b10
_c20130410
_lUCH01
_h1000
590 _aBATCH-UPD
_b10
_c20130914
_lUCH01
_h0345
590 _aBATCH-UPD
_b10
_c20130914
_lUCH01
_h2138
590 _aCONVERSION
_b10
_c20130109
_lUCH01
_h1345
650 1 4 _aAnálisis de regresión.
_95974
650 1 4 _aDiseños experimentales.
_932735
901 _aBK
905 _aLilia Sánchez G.
942 _cLIBRO
949 _a519.536 C4
_bBC
_cLIBRO
_d33724000747044
_eLIBRO
_h96939
_i91864
_si
999 _c80423
_d80423